|
|
|
|
| LEADER |
02252njm a2200469 a 4500 |
| 001 |
000901712 |
| 003 |
CZ BrMZK |
| 005 |
20080708130803.0 |
| 007 |
ss lsnjlcmpnze |
| 008 |
080619s2007 xr ppn g cze d |
| 024 |
1 |
|
|a 8596916204042
|
| 028 |
0 |
1 |
|a 16 2040-4
|b Supraphon
|
| 040 |
|
|
|a BOA001
|b cze
|
| 040 |
|
|
|a ABA001
|b cze
|
| 045 |
|
|
|a x6y0
|
| 072 |
|
7 |
|a 784
|x Vokální hudba
|2 Konspekt
|9 9
|
| 080 |
|
|
|a 784.4
|2 MRF
|
| 080 |
|
|
|a (086.7)
|2 MRF
|
| 100 |
1 |
|
|a Gott, Karel,
|d 1939-2019
|7 jk01032549
|4 sng
|
| 245 |
1 |
0 |
|a Karel Gott.
|n 3,
|p Vůně evergreenů
|h [zvukový záznam]
|
| 246 |
3 |
0 |
|a Vůně evergreenů
|
| 260 |
|
|
|a Praha :
|b Výběr Reader's Digest :
|b Supraphon,
|c p2007
|
| 300 |
|
|
|a 1 zvuková kazeta :
|b analog, Dolby digital, stereo
|
| 490 |
1 |
|
|a Zlatá kolekce
|
| 505 |
0 |
0 |
|t Už z hor zní zvon --
|t Měsiční řeka --
|t Hej, páni konšelé --
|t Zpíval jsem rád --
|t Mám rozprávkový dom --
|t Cesta rájem --
|t Kdyby nepadal déšť --
|t Mám tě rád víc než dřív --
|t Krásné je žít --
|t Maria --
|t Jezabel --
|t Já žil, jak jsem žil --
|t Víc --
|t Smích --
|t Léta prázdnin --
|t Oči barvy holubí --
|t Dál je tvůj --
|t Mackie Messer --
|t Z dávných dnů --
|t Jsou svátky --
|t Ten dům, co zůstal sám --
|t Měl jsem rád a mám --
|t Lásko má, ty nevíš
|
| 530 |
|
|
|a Vydáno také na kompaktní desce
|
| 500 |
|
|
|a Původní fonogramy p1962-p2006 Supraphon a další vydavatelství
|
| 511 |
0 |
|
|a Zpívá Karel Gott a další ; Orchestr Karla Vlacha, Orchestr Ladislava Štaidla a další
|
| 518 |
|
|
|a Nahrávky z let 1962-2006
|
| 650 |
0 |
7 |
|a populární písně
|7 ph124354
|y 1961-1970
|2 czenas
|
| 650 |
0 |
7 |
|a populární písně
|7 ph124354
|y 1971-1980
|2 czenas
|
| 650 |
0 |
7 |
|a populární písně
|7 ph124354
|y 1981-1990
|2 czenas
|
| 650 |
0 |
7 |
|a populární písně
|7 ph124354
|y 1991-2000
|2 czenas
|
| 650 |
0 |
7 |
|a populární písně
|7 ph124354
|y 2001-2010
|2 czenas
|
| 655 |
|
7 |
|a zvukové kazety
|7 fd186720
|2 czenas
|
| 710 |
2 |
|
|a Orchestr Karla Vlacha
|7 kn20010710270
|
| 710 |
2 |
|
|a Orchestr Ladislava Štaidla
|7 ko2003171954
|
| 830 |
|
0 |
|a Zlatá kolekce
|
| 910 |
|
|
|a BOA001
|b KZ-0014.603,3
|
| 990 |
|
|
|a AV
|
| 991 |
|
|
|b 200806
|
| 996 |
6 |
|
|b 261H016223
|c KZ-0014.603,3
|l MZK
|r Sklad / do 24 hodin
|n 0
|w 001065878
|u 000010
|a 1
|e BOA001
|j MZK50
|s P
|